Slovenian To English Country Names - Statistics

General Stats
  • This quiz has been taken 44 times
  • The average score is 19 of 20
Answer Stats
Hint Answer % Correct
Avstralija Australia
100%
Belgija Belgium
100%
Brazilija Brazil
98%
Kuba Cuba
98%
Etiopija Ethiopia
98%
Fidži Fiji
98%
Francija France
98%
Indonezija Indonesia
98%
Japonska Japan
98%
Rusija Russia
98%
Slovenija Slovenia
98%
Južna Koreja South Korea
98%
Ekvador Ecuador
95%
Sveta Lucija St. Lucia
95%
Butan Bhutan
93%
Tajvan Taiwan
93%
Združene države Amerike United States of America
93%
Hrvaška Croatia
90%
Malavi Malawi
90%
Nizozemska Netherlands
70%
No matching quizzes found
Score Distribution
Percent of People with Each Score
Percentile by Number Answered
Your Score History
You have not taken this quiz